000 00405nam a2200157 i 4500
001 39330
003 ES-MaACL
005 20230906155940.0
007 t|
008 030227s1972 sp ||||1| spa d
100 1 _aCamus, Matilde.
_934363
245 1 0 _aManantial de amor /
_cMatilde Camus.
260 _aSantander :
_b[s.n.,
_c1972]
300 _a61 p. ;
_c21 cm.
852 _aES-MaACL
_jC-48865
_bR.82477
999 _c39330
_d39330